000
00196 a2200097 4500
020
_a
9780679824244
041
_a
eng
100
_a
Osborne, Mary Pope
245
_a
Mummies in the morning
942
_c
BK
999
_c
9307
_d
9307